Exercicios práticos de dinámica de grupo
Furkejuvvon:
| Váldodahkki: | |
|---|---|
| Materiálatiipa: | Girji |
| Giella: | portugalágiella |
| Almmustuhtton: |
Petrópolis
Vozes
1994
|
| Fáttát: | |
| Fáddágilkorat: |
Lasit fáddágilkoriid
Eai fáddágilkorat, Lasit vuosttaš fáddágilkora!
|
MARC
| LEADER | 00000nam a2200000 a 4500 | ||
|---|---|---|---|
| 001 | UCY1189 | ||
| 003 | CL-VaPUC | ||
| 008 | 940823e19940000BL |||||||||||||||||por|d | ||
| 082 | 0 | 4 | |a 302.3 |b FRI |2 21 |
| 100 | 0 | |a Fritzen, Silvino José |e author |9 329115 | |
| 245 | 1 | 0 | |a Exercicios práticos de dinámica de grupo |
| 300 | |a 2 v | ||
| 942 | |c BK | ||
| 945 | |d 19940823 00:00:00 |a rbrito | ||
| 260 | |a Petrópolis |b Vozes |c 1994 | ||
| 650 | 0 | |a Dinámica de grupos |9 259862 | |
| 583 | |a last modification |c 20181001 01:25:19 |k Rodrigo Vera | ||
| 999 | |c 229972 |d 229970 | ||
| 952 | |0 0 |1 0 |4 0 |6 302_300000000000000_FRI_1994 |7 0 |8 A |9 231738 |a BIBEDU |b BIBEDU |d 2019-11-15 |h v.1 |i 3012859 |o 302.3 FRI 1994 |p 3012859 |r 2019-11-15 |w 2019-11-15 |y BK |k PSI | ||
| 952 | |0 0 |1 0 |4 0 |6 302_300000000000000_FRI_1994 |7 0 |8 A |9 231739 |a BIBEDU |b BIBEDU |d 2019-11-15 |h v.2 |i 3012840 |o 302.3 FRI 1994 |p 3012840 |r 2019-11-15 |w 2019-11-15 |y BK |k PSI | ||